| 000 | 00778 a2200205 4500 | ||
|---|---|---|---|
| 001 | 126495 | ||
| 020 | _a9788538065456 | ||
| 040 | _cEscola Canadense de Niteroi | ||
| 090 | _aCIR | ||
| 100 | _aCiranda Cultural | ||
| 245 | 1 | 0 | _aBailarinas: mais de 500 coisas para encontrar |
| 250 | _a1. ed. | ||
| 300 |
_a20 p. _bil. _c8 x 26 x 1 cm |
||
| 362 | 0 | _a2016 | |
| 520 | _aAs bailarinas Mel e Bela são grandes amigas e adoram ensaiar novos passos de balé, fazer incríveis apresentações e viver grandes aventuras juntas. Você vai adorar conhecer essas garotinhas encantadoras e ainda vai se divertir muito procurando todos os itens espalhados pelas cenas. | ||
| 650 | 4 | _aLiteratura Infantil | |
| 650 | 4 | _aLivros Interativos | |
| 650 | 4 | _aProcure e Ache | |
| 942 | _cBK | ||
| 999 |
_c126495 _d126495 |
||